• 首页
  • 本馆介绍
  • 公告通知
  • 最新文献
  • 馆藏检索
  • 电子资源
  • 读者导购
  • 参考咨询
  • 我的图书馆
  • 登录
  • 详细信息显示
  • 放入我的书架
  • 预约/预借图书
  • 作者相关作品
  • 分类相关作品
  • 丛书相关作品
  • 出版社相关作品

书目信息

  • 表格格式
  • 工作单格式
  • 卡片格式
题名:
热爱地球(下)
    
 
作者: 张春增 , 寇利红 主编
分册:  
出版信息: 北京   中国文史出版社  2017.03
页数: 185页
开本: 21cm
丛书名:
单 册:
中图分类: Z228 , P183-49
科图分类:
主题词: 科学知识--普及读物 , 太阳系
电子资源:
ISBN: 978-7-5034-9081-1
000 00959nam0 2200265 450
001 4997
005 20181013170918.22
010    @a978-7-5034-9081-1@dCNY80.00
100    @a20180913d2017 em y0chiy50 ea
101 0  @achi
102    @aCN@b110000
105    @ay z 000yy
200 1  @a热爱地球(下)@Are ai di qiu(xia)@9re ai di qiu@e科普知识大观@f张春增,寇利红主编
210    @a北京@c中国文史出版社@d2017.03
215    @a185页@d21cm
330    @a本书内容宇宙太空、人类、生物、高新技术、环保理念 监测 法律法规、环境科学学科知识、环境污染及其治理、环境科学与人类健康等方面,展现了现代科技的高新技术领域的探索发现与科技创新。
517 1  @a科普知识大观@9ke pu zhi shi da guan
606 0  @a科学知识@j普及读物
606 0  @a太阳系
690    @aZ228@v5
690    @aP183-49@v4
701  0 @a张春增@9zhang chun zeng@f(1949~)@4主编
701  0 @a寇利红@9kou li hong@c(女,@f1982?~)@4主编
801  0 @aCN@b91MARC@c20180913
905    @aMuseLib@dP183-49@e283
    
    热爱地球(下):科普知识大观/张春增,寇利红主编.-北京:中国文史出版社,2017.03
    185页;21cm
    
    
    ISBN 978-7-5034-9081-1:CNY80.00
    本书内容宇宙太空、人类、生物、高新技术、环保理念 监测 法律法规、环境科学学科知识、环境污染及其治理、环境科学与人类健康等方面,展现了现代科技的高新技术领域的探索发现与科技创新。
●
相关链接 在E读中查询图书 在五车中查询图书 在当当中查询图书 在豆瓣中查询图书


正题名:热爱地球(下)     索取号:P183-49/283         预约/预借

序号 登录号 条形码 馆藏地/架位号 状态 备注
1 1127634   211276340   第二样本阅览室/ [索取号:P183-49/283] 在馆    
2 1127635   211276359   第三借阅区/ [索取号:P183-49/283] 在馆    
3 1127636   211276368   密集书库-资源管理系/ [索取号:P183-49/283] 在馆    
4 1127637   211276377   第三借阅区/ [索取号:P183-49/283] 在馆    
5 1127638   211276386   第三借阅区/ [索取号:P183-49/283] 在馆    
唐山师范学院图书馆 欢迎您!
大连网信软件有限公司© 版权所有